[Event "O2C Doeberl Cup 2019"]
[Site "Canberra"]
[Date "2019.04.18"]
[Round "2.2"]
[White "Smirnov, Anton"]
[Black "Solomon, Stephen J"]
[Result "1-0"]
[WhiteElo "2567"]
[BlackElo "2338"]
[Annotator "ChessBase"]
[PlyCount "135"]
[EventDate "2019.04.17"]
[EventType "swiss"]
[EventCountry "AUS"]
[SourceTitle "playchess.com"]
[Source "ChessBase"]
[SourceQuality "1"]
[TimeControl "5400+30"]

1. d4 {[%emt 0:03:41]} d5 {[%emt 0:00:23]} 2. c4 {[%emt 0:01:30]} e6 {[%emt 0:00:15]} 3. Nf3 {[%emt 0:00:06]} Nf6 {[%emt 0:01:18]} 4. Nc3 {[%emt 0:00:07]} Be7 {[%emt 0:00:47]} 5. g3 {[%emt 0:00:07]} O-O {[%emt 0:01:23]} 6. Bg2 {[%emt 0:00:11]} dxc4 {[%emt 0:00:38]} 7. Ne5 {[%emt 0:00:15]} c5 {[%emt 0:00:55]} 8. dxc5 {[%emt 0:00:06]} Qxd1+ {[%emt 0:00:33]} 9. Nxd1 {[%emt 0:00:09]} Bxc5 {[%emt 0:00:25]} 10. Nc3 {[%emt 0:00:06]} Nc6 {[%emt 0:08:12]} 11. Nxc4 {[%emt 0:00:10]} Bd7 {[%emt 0:01:37]} 12. O-O {[%emt 0:00:31]} Rac8 {[%emt 0:06:44]} 13. Bf4 {[%emt 0:07:49]} Rfd8 {[%emt 0:01:58]} 14. Rfd1 {[%emt 0:00:18]} e5 {[%emt 0:15:12]} 15. Bg5 {[%emt 0:22:43]} h6 {[%emt 0:06:52]} 16. Bxf6 {[%emt 0:02:09]} gxf6 {[%emt 0:00:11]} 17. Nd6 {[%emt 0:00:12]} Bxd6 {[%emt 0:02:13]} 18. Rxd6 {[%emt 0:00:03]} Be6 {[%emt 0:06:37]} 19. Rad1 {[%emt 0:05:21]} Rxd6 {[%emt 0:19:01]} 20. Rxd6 {[%emt 0:00:03]} Kf8 {[%emt 0:08:06]} 21. Bxc6 {[%emt 0:09:16]} bxc6 {[%emt 0:01:28]} 22. Rd2 {[%emt 0:02:04]} Ke7 {[%emt 0:00:36]} 23. e3 {[%emt 0:03:42]} f5 {[%emt 0:01:25]} 24. f4 {[%emt 0:00:19]} f6 {[%emt 0:00:13]} 25. Kg2 {[%emt 0:07:56]} h5 {[%emt 0:01:08]} 26. Kh3 {[%emt 0:02:32]} c5 {[%emt 0:05:26]} 27. Kh4 {[%emt 0:01:35]} e4 {[%emt 0:00:36]} 28. a3 {[%emt 0:02:05]} Rb8 {[%emt 0:06:12]} 29. Na4 {[%emt 0:02:37]} Rc8 {[%emt 0:00:12]} 30. Rc2 {[%emt 0:06:55]} Bb3 {[%emt 0:01:09]} 31. Rxc5 {[%emt 0:00:30]} Rxc5 {[%emt 0:00:10]} 32. Nxc5 {[%emt 0:00:19]} Bd1 {[%emt 0:00:07]} 33. g4 {[%emt 0:07:32]} hxg4 {[%emt 0:00:55]} 34. Nb7 {[%emt 0:00:07]} Ke6 {[%emt 0:01:40]} 35. Na5 {[%emt 0:00:13]} Kd5 {[%emt 0:00:23]} 36. b4 {[%emt 0:00:01]} a6 {[%emt 0:00:15]} 37. Kg3 {[%emt 0:00:35]} Bc2 {[%emt 0:02:32]} 38. Kf2 {[%emt 0:00:05]} Bd3 {[%emt 0:00:19]} 39. Ke1 {[%emt 0:00:20]} Ke6 {[%emt 0:00:04]} 40. Nb3 {[%emt 0:01:49]} Kf7 {[%emt 0:00:51]} 41. Nd4 {[%emt 0:00:40]} Kg6 {[%emt 0:00:13]} 42. Kf2 {[%emt 0:00:35]} Bb5 {[%emt 0:00:13]} 43. Ne2 {[%emt 0:00:51]} Kf7 {[%emt 0:00:36]} 44. Nc3 {[%emt 0:01:47]} Bc4 {[%emt 0:00:22]} 45. Kg2 {[%emt 0:00:15]} Ke6 {[%emt 0:00:21]} 46. h4 {[%emt 0:01:21]} gxh3+ {[%emt 0:00:09]} 47. Kxh3 {[%emt 0:00:06]} Kd6 {[%emt 0:00:22]} 48. Kg3 {[%emt 0:00:16]} Kc6 {[%emt 0:00:10]} 49. Kf2 {[%emt 0:00:08]} Kb6 {[%emt 0:02:08]} 50. Ke1 {[%emt 0:00:05]} a5 {[%emt 0:00:41]} 51. Kd2 {[%emt 0:00:13]} axb4 {[%emt 0:00:03]} 52. axb4 {[%emt 0:00:10]} Kc6 {[%emt 0:00:26]} 53. Kc2 {[%emt 0:00:41]} Kb6 {[%emt 0:00:14]} 54. Kb2 {[%emt 0:00:11]} Kc6 {[%emt 0:00:43]} 55. Ka3 {[%emt 0:00:07]} Kb6 {[%emt 0:00:13]} 56. Ka4 {[%emt 0:00:04]} Be6 {[%emt 0:00:36]} 57. Ne2 {[%emt 0:00:13]} Bd7+ {[%emt 0:01:27]} 58. Kb3 {[%emt 0:00:02]} Be6+ {[%emt 0:00:03]} 59. Kc3 {[%emt 0:00:10]} Bc8 {[%emt 0:00:11]} 60. Nd4 {[%emt 0:00:12]} Kc7 {[%emt 0:00:08]} 61. Kc4 {[%emt 0:00:30]} Kd6 {[%emt 0:00:12]} 62. Nb5+ {[%emt 0:01:37]} Ke7 {[%emt 0:01:08]} 63. Kc5 {[%emt 0:00:07]} Ba6 {[%emt 0:00:07]} 64. Nd4 {[%emt 0:00:09]} Bd3 {[%emt 0:00:17]} 65. Kc6 {[%emt 0:00:08]} Kd8 {[%emt 0:00:10]} 66. Nxf5 {[%emt 0:00:20]} Kc8 {[%emt 0:00:16]} 67. Ne7+ {[%emt 0:00:07]} Kb8 {[%emt 0:00:01]} 68. Nd5 {[%emt 0:00:06]} 1-0

[Event "O2C Doeberl Cup 2019"]
[Site "Canberra"]
[Date "2019.04.18"]
[Round "2.3"]
[White "Song, Raymond"]
[Black "Sengupta, Deep"]
[Result "1/2-1/2"]
[WhiteElo "2329"]
[BlackElo "2551"]
[Annotator "ChessBase"]
[PlyCount "156"]
[EventDate "2019.04.17"]
[EventType "swiss"]
[EventCountry "AUS"]
[SourceTitle "playchess.com"]
[Source "ChessBase"]
[SourceQuality "1"]
[TimeControl "5400+30"]

1. e4 {[%emt 0:00:00]} c6 {[%emt 0:00:00]} 2. d4 {[%emt 0:00:00]} d5 {[%emt 0:00:00]} 3. Nd2 {[%emt 0:00:00]} dxe4 {[%emt 0:00:00]} 4. Nxe4 {[%emt 0:00:00]} Nf6 {[%emt 0:00:00]} 5. Nxf6+ {[%emt 0:00:00]} exf6 {[%emt 0:00:00]} 6. c3 {[%emt 0:00:00]} Bd6 {[%emt 0:00:00]} 7. Bd3 {[%emt 0:00:00]} O-O {[%emt 0:00:24]} 8. Qc2 {[%emt 0:00:01]} Re8+ {[%emt 0:00:03]} 9. Ne2 {[%emt 0:00:06]} h5 {[%emt 0:00:03]} 10. O-O {[%emt 0:00:05]} h4 {[%emt 0:00:06]} 11. Bf4 {[%emt 0:00:05]} Be6 {[%emt 0:11:16]} 12. h3 {[%emt 0:02:01]} Qc7 {[%emt 0:01:09]} 13. Qd2 {[%emt 0:00:36]} Nd7 {[%emt 0:01:11]} 14. Bxd6 {[%emt 0:09:45]} Qxd6 {[%emt 0:00:06]} 15. Qf4 {[%emt 0:00:04]} Qxf4 {[%emt 0:00:33]} 16. Nxf4 {[%emt 0:00:04]} Nb6 {[%emt 0:04:42]} 17. Rfe1 {[%emt 0:01:16]} Bc4 {[%emt 0:16:39]} 18. Bxc4 {[%emt 0:02:31]} Nxc4 {[%emt 0:00:05]} 19. Nd3 {[%emt 0:02:22]} f5 {[%emt 0:02:01]} 20. b3 {[%emt 0:08:32]} Na3 {[%emt 0:12:37]} 21. Kf1 {[%emt 0:00:56]} Nb5 {[%emt 0:05:15]} 22. Rac1 {[%emt 0:00:32]} f6 {[%emt 0:00:56]} 23. a4 {[%emt 0:02:21]} Nd6 {[%emt 0:00:06]} 24. f3 {[%emt 0:05:15]} g5 {[%emt 0:01:54]} 25. Rxe8+ {[%emt 0:00:05]} Rxe8 {[%emt 0:00:06]} 26. Re1 {[%emt 0:00:03]} Kf7 {[%emt 0:02:29]} 27. Rxe8 {[%emt 0:00:06]} Kxe8 {[%emt 0:00:01]} 28. Ke2 {[%emt 0:00:19]} f4 {[%emt 0:00:40]} 29. Ne1 {[%emt 0:00:34]} Nf5 {[%emt 0:00:50]} 30. Nc2 {[%emt 0:00:18]} Kd7 {[%emt 0:00:05]} 31. Kd3 {[%emt 0:00:26]} Ng3 {[%emt 0:07:31]} 32. b4 {[%emt 0:04:07]} Nf1 {[%emt 0:06:01]} 33. Ke2 {[%emt 0:00:49]} Ng3+ {[%emt 0:00:05]} 34. Kd3 {[%emt 0:00:02]} Nf1 {[%emt 0:00:12]} 35. c4 {[%emt 0:01:58]} Ke6 {[%emt 0:01:43]} 36. b5 {[%emt 0:05:10]} Kd7 {[%emt 0:02:59]} 37. c5 {[%emt 0:01:16]} f5 {[%emt 0:08:07]} 38. bxc6+ {[%emt 0:09:58]} bxc6 {[%emt 0:00:05]} 39. a5 {[%emt 0:00:03]} Kc7 {[%emt 0:04:30]} 40. a6 {[%emt 0:00:19]} Kd7 {[%emt 0:00:05]} 41. Ke2 {[%emt 0:01:06]} Ng3+ {[%emt 0:00:04]} 42. Kd2 {[%emt 0:07:12]} Nf1+ {[%emt 0:01:53]} 43. Kd3 {[%emt 0:00:16]} Kc7 {[%emt 0:00:04]} 44. Ke2 {[%emt 0:00:46]} Ng3+ {[%emt 0:00:02]} 45. Ke1 {[%emt 0:00:24]} Nh5 {[%emt 0:00:06]} 46. Nb4 {[%emt 0:00:53]} Ng7 {[%emt 0:00:57]} 47. Kd2 {[%emt 0:08:25]} Ne6 {[%emt 0:00:05]} 48. Kc3 {[%emt 0:01:10]} g4 {[%emt 0:00:32]} 49. d5 {[%emt 0:05:23]} gxh3 {[%emt 0:06:00]} 50. gxh3 {[%emt 0:00:10]} cxd5 {[%emt 0:02:09]} 51. Nxd5+ {[%emt 0:00:05]} Kc6 {[%emt 0:03:26]} 52. Kc4 {[%emt 0:00:05]} Nxc5 {[%emt 0:04:15]} 53. Ne7+ {[%emt 0:00:10]} Kb6 {[%emt 0:00:01]} 54. Nc8+ {[%emt 0:01:03]} Kc7 {[%emt 0:00:01]} 55. Kxc5 {[%emt 0:00:41]} Kxc8 {[%emt 0:00:01]} 56. Kd6 {[%emt 0:00:06]} Kd8 {[%emt 0:00:07]} 57. Ke5 {[%emt 0:00:05]} Kc7 {[%emt 0:00:02]} 58. Kxf5 {[%emt 0:03:44]} Kb6 {[%emt 0:00:02]} 59. Kxf4 {[%emt 0:00:07]} Kxa6 {[%emt 0:00:01]} 60. Kg5 {[%emt 0:00:10]} Kb5 {[%emt 0:00:20]} 61. f4 {[%emt 0:00:06]} a5 {[%emt 0:00:25]} 62. f5 {[%emt 0:00:04]} a4 {[%emt 0:00:02]} 63. f6 {[%emt 0:00:04]} a3 {[%emt 0:00:03]} 64. f7 {[%emt 0:00:02]} a2 {[%emt 0:00:04]} 65. f8=Q {[%emt 0:00:01]} a1=Q {[%emt 0:00:07]} 66. Qf5+ {[%emt 0:00:33]} Kc6 {[%emt 0:01:17]} 67. Kxh4 {[%emt 0:00:06]} Kd6 {[%emt 0:00:02]} 68. Kg5 {[%emt 0:00:11]} Ke7 {[%emt 0:00:57]} 69. Kg6 {[%emt 0:00:31]} Qa6+ {[%emt 0:02:07]} 70. Kh7 {[%emt 0:01:16]} Qf6 {[%emt 0:00:55]} 71. Qg4 {[%emt 0:00:02]} Qf7+ {[%emt 0:01:07]} 72. Qg7 {[%emt 0:00:30]} Ke6 {[%emt 0:00:02]} 73. Qxf7+ {[%emt 0:01:30]} Kxf7 {[%emt 0:00:01]} 74. h4 {[%emt 0:00:05]} Kf8 {[%emt 0:00:05]} 75. h5 {[%emt 0:00:02]} Kf7 {[%emt 0:00:03]} 76. h6 {[%emt 0:00:03]} Kf8 {[%emt 0:00:03]} 77. Kh8 {[%emt 0:00:03]} Kf7 {[%emt 0:00:02]} 78. h7 {[%emt 0:00:03]} Kf8 {[%emt 0:00:03]} 1/2-1/2

[Event "O2C Doeberl Cup 2019"]
[Site "Canberra"]
[Date "2019.04.18"]
[Round "2.4"]
[White "Kunte, Abhijit"]
[Black "Richards, Heather S"]
[Result "1/2-1/2"]
[WhiteElo "2485"]
[BlackElo "2240"]
[Annotator "ChessBase"]
[PlyCount "67"]
[EventDate "2019.04.17"]
[EventType "swiss"]
[EventCountry "AUS"]
[SourceTitle "playchess.com"]
[Source "ChessBase"]
[SourceQuality "1"]
[TimeControl "5400+30"]

1. Nf3 {[%emt 0:00:00]} d6 {[%emt 0:08:49]} 2. d4 {[%emt 0:02:01]} Nf6 {[%emt 0:00:23]} 3. g3 {[%emt 0:02:39]} g6 {[%emt 0:00:27]} 4. Bg2 {[%emt 0:00:09]} Bg7 {[%emt 0:00:06]} 5. O-O {[%emt 0:00:04]} c6 {[%emt 0:00:14]} 6. b3 {[%emt 0:01:39]} O-O {[%emt 0:00:08]} 7. Bb2 {[%emt 0:00:06]} Qc7 {[%emt 0:01:10]} 8. Nbd2 {[%emt 0:02:33]} Nbd7 {[%emt 0:01:09]} 9. a4 {[%emt 0:02:55]} b6 {[%emt 0:00:41]} 10. e4 {[%emt 0:00:56]} e5 {[%emt 0:00:25]} 11. c3 {[%emt 0:03:57]} Bb7 {[%emt 0:05:54]} 12. Re1 {[%emt 0:00:43]} a6 {[%emt 0:01:45]} 13. Qc2 {[%emt 0:02:37]} b5 {[%emt 0:01:41]} 14. dxe5 {[%emt 0:17:26]} dxe5 {[%emt 0:02:24]} 15. c4 {[%emt 0:00:22]} bxa4 {[%emt 0:01:15]} 16. Rxa4 {[%emt 0:04:04]} Rfe8 {[%emt 0:00:27]} 17. c5 {[%emt 0:07:47]} Bf8 {[%emt 0:01:49]} 18. Ba3 {[%emt 0:00:09]} a5 {[%emt 0:02:05]} 19. Qc3 {[%emt 0:05:31]} Ra7 {[%emt 0:10:06]} 20. Ra1 {[%emt 0:03:37]} Rea8 {[%emt 0:03:35]} 21. Ne1 {[%emt 0:00:20]} Rd8 {[%emt 0:07:24]} 22. Nd3 {[%emt 0:06:55]} Ba6 {[%emt 0:01:26]} 23. Qxa5 {[%emt 0:00:59]} Qxa5 {[%emt 0:02:08]} 24. Rxa5 {[%emt 0:00:13]} Nb8 {[%emt 0:02:33]} 25. Bf1 {[%emt 0:01:15]} Re7 {[%emt 0:04:56]} 26. Nb4 {[%emt 0:11:10]} Bxf1 {[%emt 0:00:14]} 27. Nxf1 {[%emt 0:00:08]} Nxe4 {[%emt 0:00:09]} 28. Re1 {[%emt 0:01:36]} f5 {[%emt 0:02:44]} 29. Nc2 {[%emt 0:00:30]} Bh6 {[%emt 0:00:30]} 30. b4 {[%emt 0:00:30]} Kf7 {[%emt 0:00:30]} 31. Bc1 {[%emt 0:00:30]} Bxc1 {[%emt 0:00:30]} 32. Rxc1 {[%emt 0:00:30]} Nc3 {[%emt 0:00:30]} 33. Kg2 {[%emt 0:00:30]} f4 {[%emt 0:00:30]} 34. Ne1 {[%emt 0:00:30]} 1/2-1/2

[Event "O2C Doeberl Cup 2019"]
[Site "Canberra"]
[Date "2019.04.18"]
[Round "2.5"]
[White "Puccini, Jack"]
[Black "Ikeda, Junta"]
[Result "1-0"]
[WhiteElo "2261"]
[BlackElo "2441"]
[Annotator "NA"]
[PlyCount "95"]
[EventDate "2019.04.17"]
[EventType "swiss"]
[EventCountry "AUS"]
[SourceTitle "playchess.com"]
[Source "ChessBase"]
[SourceQuality "1"]
[TimeControl "5400+30"]

1. e4 {[%emt 1:10:37]} c5 {[%emt 0:00:04]} 2. Nf3 {[%emt 0:00:16]} d6 {[%emt 0:00:13]} 3. d4 {[%emt 0:00:37]} cxd4 {[%emt 0:00:05]} 4. Nxd4 {[%emt 0:00:06]} Nf6 {[%emt 0:00:02]} 5. Nc3 {[%emt 0:00:06]} a6 {[%emt 0:00:27]} 6. Bg5 {[%emt 0:00:30]} Nbd7 {[%emt 0:00:47]} 7. f4 {[%emt 0:01:47]} e6 {[%emt 0:04:50]} 8. Qf3 {[%emt 0:00:00]} Be7 {[%emt 0:02:14]} 9. O-O-O {[%emt 0:00:51]} Qc7 {[%emt 0:01:49]} 10. f5 {[%emt 0:01:01]} e5 {[%emt 0:01:41]} 11. Nde2 {[%emt 0:00:00]} b5 {[%emt 0:04:23]} 12. Bxf6 {[%emt 0:00:00]} Nxf6 {[%emt 0:01:23]} 13. Nd5 {[%emt 0:00:00]} Nxd5 {[%emt 0:04:36]} 14. exd5 {[%emt 0:00:06]} Bd7 {[%emt 0:20:27]} 15. Ng3 {[%emt 0:00:00]} O-O {[%emt 0:06:07]} 16. h4 {[%emt 0:00:00]} b4 {[%emt 0:06:13]} 17. Bd3 {[%emt 0:00:00]} a5 {[%emt 0:02:53]} 18. Kb1 {[%emt 0:00:00]} Qb6 {[%emt 0:13:11]} 19. h5 {[%emt 0:00:00]} h6 {[%emt 0:14:45]} 20. f6 {[%emt 0:00:00]} Bxf6 {[%emt 0:00:29]} 21. Qe4 {[%emt 0:00:00]} Rfb8 {[%emt 0:01:29]} 22. Qh7+ {[%emt 0:00:00]} Kf8 {[%emt 0:00:03]} 23. Ne4 {[%emt 0:00:00]} Ke7 {[%emt 0:02:54]} 24. Nxf6 {[%emt 0:00:00]} gxf6 {[%emt 0:00:06]} 25. Bg6 {[%emt 0:01:13]} Rf8 {[%emt 0:00:51]} 26. Rhf1 {[%emt 0:01:34]} f5 {[%emt 0:00:46]} 27. Qxh6 {[%emt 0:13:42]} fxg6 {[%emt 0:09:16]} 28. hxg6 {[%emt 0:00:19]} Qd8 {[%emt 0:00:48]} 29. Qh7+ {[%emt 0:02:18]} Kf6 {[%emt 0:00:49]} 30. Rh1 {[%emt 0:01:25]} Rh8 {[%emt 0:00:45]} 31. Qf7+ {[%emt 0:01:24]} Kg5 {[%emt 0:00:04]} 32. g7 {[%emt 0:01:31]} Rxh1 {[%emt 0:00:43]} 33. Rxh1 {[%emt 0:00:05]} Kf4 {[%emt 0:00:41]} 34. Qh5 {[%emt 0:02:09]} e4 {[%emt 0:00:30]} 35. Qh2+ {[%emt 0:03:09]} Ke3 {[%emt 0:00:26]} 36. Qxd6 {[%emt 0:01:15]} Qg5 {[%emt 0:00:35]} 37. Qxd7 {[%emt 0:01:21]} Qxg2 {[%emt 0:00:04]} 38. Rd1 {[%emt 0:00:53]} Ke2 {[%emt 0:00:54]} 39. Rc1 {[%emt 0:00:27]} Rg8 {[%emt 0:00:21]} 40. Qxf5 {[%emt 0:00:40]} Rxg7 {[%emt 0:00:39]} 41. d6 {[%emt 0:00:10]} Rg5 {[%emt 0:00:31]} 42. Qc8 {[%emt 0:00:39]} Qg1 {[%emt 0:00:29]} 43. b3 {[%emt 0:00:38]} Qe3 {[%emt 0:00:34]} 44. Qc4+ {[%emt 0:00:30]} Kf3 {[%emt 0:00:30]} 45. Qf7+ {[%emt 0:00:37]} Kg2 {[%emt 0:00:31]} 46. Qf1+ {[%emt 0:00:31]} Kg3 {[%emt 0:00:26]} 47. Qg1+ {[%emt 0:00:12]} Kf4 {[%emt 0:00:26]} 48. Rf1+ {[%emt 0:00:29]} 1-0

[Event "O2C Doeberl Cup 2019"]
[Site "Canberra"]
[Date "2019.04.18"]
[Round "2.6"]
[White "Johansen, Darryl K"]
[Black "Maguire, Tom"]
[Result "1-0"]
[WhiteElo "2364"]
[BlackElo "2125"]
[Annotator "NA"]
[PlyCount "81"]
[EventDate "2019.04.17"]
[EventType "swiss"]
[EventCountry "AUS"]
[SourceTitle "playchess.com"]
[Source "ChessBase"]
[SourceQuality "1"]
[TimeControl "5400+30"]

1. c4 {[%emt 0:00:00]} c5 {[%emt 0:00:00]} 2. Nf3 {[%emt 0:00:10]} Nf6 {[%emt 0:00:00]} 3. Nc3 {[%emt 0:00:11]} Nc6 {[%emt 0:00:00]} 4. e3 {[%emt 0:01:03]} g6 {[%emt 0:01:46]} 5. d4 {[%emt 0:00:08]} cxd4 {[%emt 0:00:24]} 6. exd4 {[%emt 0:00:13]} d5 {[%emt 0:00:16]} 7. cxd5 {[%emt 0:00:31]} Nxd5 {[%emt 0:00:11]} 8. Qb3 {[%emt 0:02:20]} Nxc3 {[%emt 0:02:23]} 9. Bc4 {[%emt 0:01:41]} e6 {[%emt 0:00:06]} 10. bxc3 {[%emt 0:00:05]} Bg7 {[%emt 0:02:46]} 11. Ba3 {[%emt 0:00:47]} Bf8 {[%emt 0:00:54]} 12. Bb5 {[%emt 0:04:56]} Bd7 {[%emt 0:02:13]} 13. Bxf8 {[%emt 0:11:36]} Kxf8 {[%emt 0:00:25]} 14. O-O {[%emt 0:00:10]} Kg7 {[%emt 0:01:24]} 15. Bd3 {[%emt 0:06:52]} Na5 {[%emt 0:04:24]} 16. Qb4 {[%emt 0:01:01]} Bc6 {[%emt 0:03:09]} 17. Ne5 {[%emt 0:00:53]} Rc8 {[%emt 0:00:44]} 18. Rfd1 {[%emt 0:06:35]} b6 {[%emt 0:06:19]} 19. Bf1 {[%emt 0:09:04]} Bb7 {[%emt 0:10:21]} 20. c4 {[%emt 0:03:37]} Nc6 {[%emt 0:09:00]} 21. Qb2 {[%emt 0:09:29]} Nxe5 {[%emt 0:03:14]} 22. dxe5 {[%emt 0:00:06]} Qe7 {[%emt 0:00:21]} 23. Rd6 {[%emt 0:00:11]} Rc7 {[%emt 0:00:43]} 24. a4 {[%emt 0:02:55]} Qg5 {[%emt 0:10:14]} 25. a5 {[%emt 0:00:44]} Rxc4 {[%emt 0:01:44]} 26. axb6 {[%emt 0:03:18]} axb6 {[%emt 0:02:03]} 27. g3 {[%emt 0:16:06]} Rhc8 {[%emt 0:10:48]} 28. Bxc4 {[%emt 0:02:44]} Rxc4 {[%emt 0:00:07]} 29. Rxb6 {[%emt 0:02:05]} Be4 {[%emt 0:06:23]} 30. Rb4 {[%emt 0:07:38]} Rc2 {[%emt 0:02:06]} 31. Qa3 {[%emt 0:00:14]} Qd2 {[%emt 0:02:06]} 32. Rf1 {[%emt 0:00:34]} Bc6 {[%emt 0:10:00]} 33. Rb8 {[%emt 0:01:41]} Kh6 {[%emt 0:02:56]} 34. Qf8+ {[%emt 0:00:14]} Kh5 {[%emt 0:01:19]} 35. Qxf7 {[%emt 0:01:09]} h6 {[%emt 0:00:41]} 36. Qf6 {[%emt 0:01:16]} Qd4 {[%emt 0:04:54]} 37. h3 {[%emt 0:01:46]} Rc4 {[%emt 0:01:18]} 38. g4+ {[%emt 0:01:20]} Qxg4+ {[%emt 0:00:06]} 39. hxg4+ {[%emt 0:00:04]} Rxg4+ {[%emt 0:00:10]} 40. Kh2 {[%emt 0:00:04]} g5 {[%emt 0:00:48]} 41. f3 {[%emt 0:01:37]} 1-0

[Event "O2C Doeberl Cup 2019"]
[Site "Canberra"]
[Date "2019.04.18"]
[Round "2.7"]
[White "Hu, Jason"]
[Black "Padmini, Rout"]
[Result "0-1"]
[WhiteElo "2132"]
[BlackElo "2364"]
[Annotator "NA"]
[PlyCount "72"]
[EventDate "2019.04.17"]
[EventType "swiss"]
[EventCountry "AUS"]
[SourceTitle "playchess.com"]
[Source "ChessBase"]
[SourceQuality "1"]
[TimeControl "5400+30"]

1. d4 {[%emt 0:00:00]} e6 {[%emt 0:00:00]} 2. Nf3 {[%emt 0:00:27]} c5 {[%emt 0:00:38]} 3. g3 {[%emt 0:00:28]} Nf6 {[%emt 0:00:22]} 4. Bg2 {[%emt 0:00:13]} d5 {[%emt 0:02:22]} 5. O-O {[%emt 0:00:14]} Nbd7 {[%emt 0:00:37]} 6. c4 {[%emt 0:00:35]} dxc4 {[%emt 0:01:14]} 7. Na3 {[%emt 0:04:20]} Be7 {[%emt 0:04:27]} 8. dxc5 {[%emt 0:04:10]} Bxc5 {[%emt 0:06:54]} 9. Nxc4 {[%emt 0:00:55]} O-O {[%emt 0:00:08]} 10. Be3 {[%emt 0:26:45]} Bxe3 {[%emt 0:10:05]} 11. Nxe3 {[%emt 0:00:28]} Qe7 {[%emt 0:00:17]} 12. Rc1 {[%emt 0:01:27]} g6 {[%emt 0:10:33]} 13. Qd4 {[%emt 0:05:56]} e5 {[%emt 0:21:24]} 14. Nd5 {[%emt 0:02:35]} Nxd5 {[%emt 0:03:40]} 15. Qxd5 {[%emt 0:00:07]} e4 {[%emt 0:00:14]} 16. Ng5 {[%emt 0:06:25]} Nf6 {[%emt 0:01:27]} 17. Qc5 {[%emt 0:03:08]} Re8 {[%emt 0:00:17]} 18. Rfd1 {[%emt 0:12:28]} Bf5 {[%emt 0:01:52]} 19. Qxe7 {[%emt 0:03:28]} Rxe7 {[%emt 0:00:03]} 20. Bh3 {[%emt 0:02:17]} h6 {[%emt 0:06:06]} 21. Bxf5 {[%emt 0:00:23]} hxg5 {[%emt 0:00:10]} 22. Bh3 {[%emt 0:00:16]} Kg7 {[%emt 0:01:55]} 23. e3 {[%emt 0:00:29]} g4 {[%emt 0:02:40]} 24. Bg2 {[%emt 0:00:52]} Nh7 {[%emt 0:00:53]} 25. Rd5 {[%emt 0:02:04]} Ng5 {[%emt 0:07:26]} 26. Rxg5 {[%emt 0:00:11]} f5 {[%emt 0:00:06]} 27. Rc4 {[%emt 0:18:39]} Rae8 {[%emt 0:02:07]} 28. Bf1 {[%emt 0:03:14]} Kf6 {[%emt 0:01:00]} 29. Rxg4 {[%emt 0:00:53]} fxg4 {[%emt 0:00:07]} 30. Be2 {[%emt 0:00:03]} Kg5 {[%emt 0:01:32]} 31. Bd1 {[%emt 0:00:06]} Rd8 {[%emt 0:03:34]} 32. Rc5+ {[%emt 0:00:35]} Kh6 {[%emt 0:00:39]} 33. Bxg4 {[%emt 0:00:45]} Rd2 {[%emt 0:00:09]} 34. Rb5 {[%emt 0:01:16]} Rf7 {[%emt 0:01:21]} 35. f4 {[%emt 0:00:35]} exf3 {[%emt 0:01:57]} 36. e4 {[%emt 0:00:02]} Rc7 {[%emt 0:00:22]} 0-1

[Event "O2C Doeberl Cup 2019"]
[Site "Canberra"]
[Date "2019.04.18"]
[Round "2.8"]
[White "Tao, Trevor"]
[Black "Yang, Ray"]
[Result "1-0"]
[WhiteElo "2364"]
[BlackElo "2112"]
[Annotator "NA"]
[PlyCount "65"]
[EventDate "2019.04.17"]
[EventType "swiss"]
[EventCountry "AUS"]
[SourceTitle "playchess.com"]
[Source "ChessBase"]
[SourceQuality "1"]
[TimeControl "5400+30"]

1. d4 {[%emt 0:00:00]} d5 {[%emt 0:00:27]} 2. Bf4 {[%emt 0:00:00]} c5 {[%emt 0:00:12]} 3. e3 {[%emt 0:00:00]} Nf6 {[%emt 0:01:08]} 4. c3 {[%emt 0:02:10]} Bf5 {[%emt 0:00:29]} 5. dxc5 {[%emt 0:01:23]} Nc6 {[%emt 0:04:32]} 6. Nf3 {[%emt 0:00:20]} e6 {[%emt 0:00:51]} 7. b4 {[%emt 0:00:12]} a5 {[%emt 0:00:27]} 8. Bb5 {[%emt 0:00:40]} axb4 {[%emt 0:00:17]} 9. cxb4 {[%emt 0:00:13]} Nd7 {[%emt 0:01:21]} 10. Qb3 {[%emt 0:04:57]} Be7 {[%emt 0:05:30]} 11. O-O {[%emt 0:01:25]} Bf6 {[%emt 0:00:26]} 12. Nc3 {[%emt 0:00:49]} O-O {[%emt 0:02:15]} 13. Bd6 {[%emt 0:02:47]} Re8 {[%emt 0:00:23]} 14. a4 {[%emt 0:04:03]} Na7 {[%emt 0:02:25]} 15. Bxd7 {[%emt 0:04:39]} Qxd7 {[%emt 0:00:13]} 16. Be5 {[%emt 0:03:09]} Be7 {[%emt 0:03:15]} 17. Bg3 {[%emt 0:03:29]} Bf6 {[%emt 0:03:19]} 18. Nd4 {[%emt 0:00:43]} Bd3 {[%emt 0:00:26]} 19. Rfd1 {[%emt 0:00:43]} Bc4 {[%emt 0:00:09]} 20. Qc2 {[%emt 0:00:22]} Nc6 {[%emt 0:00:40]} 21. Rab1 {[%emt 0:01:34]} Qc8 {[%emt 0:05:39]} 22. Ncb5 {[%emt 0:04:19]} Nxd4 {[%emt 0:00:50]} 23. exd4 {[%emt 0:00:12]} Bxb5 {[%emt 0:01:11]} 24. axb5 {[%emt 0:00:05]} b6 {[%emt 0:00:27]} 25. h3 {[%emt 0:03:55]} Qd7 {[%emt 0:01:01]} 26. cxb6 {[%emt 0:02:43]} Qxb5 {[%emt 0:01:16]} 27. Qc5 {[%emt 0:00:10]} Qd7 {[%emt 0:03:08]} 28. b5 {[%emt 0:03:38]} Rac8 {[%emt 0:05:56]} 29. Bc7 {[%emt 0:00:06]} Bd8 {[%emt 0:01:06]} 30. Rdc1 {[%emt 0:00:30]} Re7 {[%emt 0:01:37]} 31. b7 {[%emt 0:00:16]} Rxc7 {[%emt 0:00:10]} 32. b8=Q {[%emt 0:00:06]} Rxc5 {[%emt 0:00:14]} 33. dxc5 {[%emt 0:00:04]} 1-0